| 000 | 00925nam a2200241 a 4500 | ||
|---|---|---|---|
| 001 | 000006844 | ||
| 005 | 20200929154015.0 | ||
| 008 | 090903s2000 dr ab r 000 0 spa d | ||
| 040 |
_aDO-SdBNP _bspa _cBNPHU |
||
| 082 |
_a631 _bU75n |
||
| 100 | 1 |
_aUreña, Miguel _919010 |
|
| 245 | 1 | 0 |
_aNociones de agropecuaria / _ccoordinadores Miguel Ureña, Pura Reynoso, Santa Florentino. |
| 260 |
_aSanto Domingo : _bSecretaria de Estado de Educación y Cultura. _bDirección General de Educación Técnica y Profesional, _c2000. |
||
| 300 |
_a120 p. : _bil., map. ; _c29 cm. |
||
| 500 | _aBibliografía : p. 121 | ||
| 590 | _aInventariado, 2018/BT | ||
| 650 | 4 |
_aAgricultura _xLibros de texto _919011 |
|
| 650 | 4 |
_aPecuária _xLibros de texto _919012 |
|
| 700 | 1 | 2 |
_aUreña, Miguel, _ecoord. _919010 |
| 700 | 1 | 2 |
_aReynoso, Pura, _ecoord. _918695 |
| 700 | 1 | 2 |
_aFlorentino, Santa, _ecoord. _919013 |
| 910 | _aValidado. Control de calidad. MFF | ||
| 999 |
_c6632 _d6632 |
||